000
00307nam a2200145Ia 4500
100
_a
Taylor /E.D..
942
_c
RB
654
_a
networkings handbook
245
_a
Networking Handbook
260
_b
Tata Mc Graw hill
_c
2000
082
_a
4.65
_b
TAY
300
_a
879
546
_a
ENGLISH
999
_c
23685
_d
23685